000 00535cam a2200169 a 4500
001 000001527
005 20200929145617.0
008 831117s1923 fr ab 001 0 fre
010 _a24031998
040 _aDO-SdBNP
_bspa
_cBNPHU
082 _axxx
_bD338m
100 1 _aLouis, Louis,
_d1874-1944.
_95020
245 1 3 _aLa Mesopotamie :
_bles civilisations babylonienne et assyrienne
_dLouis Louis
260 _aParis :
_bRenaissance du livre,
_c1923.
300 _axiv, 423 p. : ;
_c19 cm.
650 4 _aCivilization, assyro-babylonian.
_95021
999 _c1430
_d1430